| 000 | 00591 a2200181 4500 | ||
|---|---|---|---|
| 999 |
_c7965 _d7965 |
||
| 010 | _aENG-88258 | ||
| 020 |
_a818004016X _c445.00 |
||
| 035 | _aEN-71791 | ||
| 037 | _bDBAD / PUB | ||
| 082 | _a617.6320754 | ||
| 100 | _aGururaja Rao, T.R. | ||
| 245 |
_aText book of periodontology/ _cby T.R. Gururaja Rao |
||
| 250 | _a2nd rev. ed | ||
| 260 |
_aNew Delhi _bAll India Publishers & Distributors _c2007 |
||
| 270 |
_a4380/4B, Ansari Road, Darya Ganj, _bNew Delhi _e110 002 |
||
| 300 |
_axxxxiv, 578p. _c24cm (Hb ) _bb&w, col.photos |
||
| 942 |
_adpl _cEN _2ddc _h617.6320754 _mGUR |
||